000 00559nam a2200169Ia 4500
008 090201s9999 xx 000 0 und d
010 _aKPL-11889
040 _bमराठी
041 _aमराठी
082 _a27768
_b11889
100 _aपु भा भावे
245 _aमहाराणी पद्मिनी
_cपु भा भावे
260 _c2004
_bपु.भा.भावे स्मारक समीती
300 _a127
_bमोठा
600 _aमहाराणी पद्मिनी
942 _cBOOK
999 _c226593
_d226593